[Event "GER-chT U20"]
[Site "Osnabrueck"]
[Date "2018.12.29"]
[Round "6.5"]
[White "Pitz, Sebastian"]
[Black "Helmrich, Daniel"]
[Result "0-1"]
[WhiteElo "1500"]
[BlackElo "1783"]
[PlyCount "56"]
[EventDate "2018.12.27"]
[EventType "team-swiss"]
[EventRounds "7"]
[EventCountry "GER"]
[SourceTitle "CBM 188 Extra"]
[Source "ChessBase"]
[SourceDate "2019.02.26"]
[SourceVersion "1"]
[SourceVersionDate "2019.02.26"]
[SourceQuality "1"]
[WhiteTeam "Bensheim"]
[BlackTeam "Plauen Koenig"]
[WhiteTeamCountry "GER"]
[BlackTeamCountry "GER"]

1. d4 Nf6 2. c4 e6 3. Nf3 b6 4. g3 Bb7 5. Bg2 Be7 6. Nc3 d5 7. Ne5 c6 8. 0-0 Nbd7 9. b3 0-0 10. Qd3 Rc8 11. Bf4 c5 12. Rae1 cxd4 13. Qxd4 Bc5 14. Qd3 Nh5 15. Qf3 Nxf4 16. gxf4 Nxe5 17. fxe5 Bb4 18. Rd1 Qg5 19. a3 Bxc3 20. Qxc3 dxc4 21. f3 cxb3 22. Qb2 Qe3+ 23. Kh1 Rc2 24. Qd4 Qxd4 25. Rxd4 b2 26. Rb4 g6 27. h3 Rd8 28. Rf2 Rd1+ 0-1

[Event "Leipzig VfB op 24th"]
[Site "Leipzig"]
[Date "2017.03.25"]
[Round "7"]
[White "Helmrich, Daniel"]
[Black "Bronn, Gottfried"]
[Result "1-0"]
[WhiteElo "1744"]
[BlackElo "1890"]
[PlyCount "53"]
[EventDate "2017.03.21"]
[EventType "swiss"]
[EventRounds "9"]
[EventCountry "GER"]
[SourceTitle "EXT 2018"]
[Source "ChessBase"]
[SourceDate "2017.10.13"]
[SourceVersion "1"]
[SourceVersionDate "2017.10.13"]
[SourceQuality "1"]

1. e4 d5 2. exd5 Nf6 3. d4 Nxd5 4. c4 Nf6 5. Nf3 Bg4 6. Be2 c6 7. Nc3 e6 8. 0-0 Be7 9. h3 Bf5 10. Bf4 0-0 11. Nh4 Bg6 12. Nxg6 hxg6 13. a3 a5 14. Bf3 Ra6 15. Re1 Re8 16. d5 cxd5 17. cxd5 Bd6 18. Bg5 e5 19. Be2 Ra8 20. Ne4 Qe7 21. Bb5 Rd8 22. Qf3 Nbd7 23. Bxd7 Rxd7 24. Nxf6+ gxf6 25. Bxf6 Qf8 26. Qg4 Rc7 27. Qh4 1-0

[Event "GER-chT U20"]
[Site "Borken"]
[Date "2016.12.29"]
[Round "6.5"]
[White "Buzatu, Alexander"]
[Black "Helmrich, Daniel"]
[Result "1/2-1/2"]
[WhiteElo "1713"]
[BlackElo "1730"]
[PlyCount "47"]
[EventDate "2016.12.27"]
[EventType "team-swiss"]
[EventRounds "7"]
[EventCountry "GER"]
[SourceTitle "EXT 2018"]
[Source "ChessBase"]
[SourceDate "2017.10.13"]
[SourceVersion "1"]
[SourceVersionDate "2017.10.13"]
[SourceQuality "1"]
[WhiteTeam "Erlangen"]
[BlackTeam "Plauen Koenig"]
[WhiteTeamCountry "GER"]
[BlackTeamCountry "GER"]

1. e4 c5 2. Nc3 d6 3. f4 Nc6 4. Nf3 g6 5. Bc4 Bg7 6. 0-0 e6 7. d3 Nge7 8. Qe1 0-0 9. Qh4 Nd4 10. Nxd4 cxd4 11. Ne2 Nc6 12. Qg3 Na5 13. Bb3 Nxb3 14. cxb3 b6 15. Bd2 Ba6 16. f5 e5 17. Rf3 Rc8 18. Qh3 g5 19. f6 Bxf6 20. Qh5 Rc2 21. Rh3 Re8 22. Qxh7+ Kf8 23. Rd1 Ke7 24. Ng3 1/2-1/2